| 000 | 00384nam a22001697a 4500 | ||
|---|---|---|---|
| 005 | 20180606153311.0 | ||
| 008 | 160625b xxu||||| |||| 00| 0 eng d | ||
| 020 | _a81-203-1441-7 | ||
| 041 | _aeng | ||
| 082 |
_b10108 _a657 |
||
| 100 |
_aNarayan Swamy, R _9268 |
||
| 245 | _aFinancial Accounting | ||
| 260 |
_bPHI _c2004 |
||
| 300 | _a527 | ||
| 650 |
_aManagement _9241 |
||
| 942 | _cBK | ||
| 999 |
_c4050 _d4049 |
||